000 00780nam a2200217Ii 4500
003 JO-AjNU
008 230605s9999||||xx |||||||||||||| ||und||
017 _a2006/11/3139
040 _aJO-AjNU
_bara
_erda
_cJO-AjNU
041 _aara
050 1 4 _aLC3969.48.B8724 2010
100 3 _aبطرس،بطرس حافظ,
_eauthor
_927359
245 0 0 _aإرشاد ذوي الحاجات الخاصة وأسرهم
250 _aط2
264 3 1 _aعمان:دار المسيرة،2010
300 _a360ص
336 _atext
_btxt
_2rdacontent
337 _aunmediated
_bn
_2rdamedia
338 _avolume
_bnc
_2rdacarrier
650 4 _aالأطفال المعوقون-تعليم. الأطفال المعوقون-رعاية. الخدمة الاجتماعية للمعوقين
_927360
999 _aA10483
_c14051
_d14051